[Event "POR-ch U18"]
[Site "Luso"]
[Date "2015.07.23"]
[Round "3"]
[White "Fernandes, Miguel A Murtinho"]
[Black "Balu, Henish"]
[Result "1/2-1/2"]
[WhiteElo "1873"]
[BlackElo "1829"]
[PlyCount "63"]
[EventDate "2015.07.22"]
[EventType "swiss"]
[EventRounds "7"]
[EventCountry "POR"]
[SourceTitle "EXT 2018"]
[Source "ChessBase"]
[SourceDate "2017.10.13"]
[SourceVersion "1"]
[SourceVersionDate "2017.10.13"]
[SourceQuality "1"]

1. d4 d5 2. c4 e6 3. Nc3 Nf6 4. Nf3 Be7 5. e3 0-0 6. Bd3 dxc4 7. Bxc4 c5 8. 0-0 b6 9. Qe2 Bb7 10. Rd1 Qc8 11. Bd3 Rd8 12. Bd2 Nc6 13. Rac1 Qd7 14. Be1 Qe8 15. a3 cxd4 16. exd4 Bd6 17. Bd2 h6 18. Nb5 Bb8 19. Be3 Ne7 20. Nc7 Bxc7 21. Rxc7 Bxf3 22. Qxf3 Ned5 23. Rc2 Rac8 24. Bc1 Qa4 25. Rxc8 Rxc8 26. Qe2 Qc6 27. Bd2 Qd6 28. Rc1 Rxc1+ 29. Bxc1 Nf4 30. Bxf4 Qxf4 31. Qe3 Nd5 32. Qxf4 1/2-1/2

[Event "POR-chT Districts U20"]
[Site "Pombal"]
[Date "2015.07.04"]
[Round "2.2"]
[White "Soares, Joao Diogo Pedreiro"]
[Black "Balu, Henish"]
[Result "1/2-1/2"]
[WhiteElo "1700"]
[BlackElo "1829"]
[PlyCount "27"]
[EventDate "2015.07.04"]
[EventType "team-swiss"]
[EventRounds "4"]
[EventCountry "POR"]
[SourceTitle "EXT 2018"]
[Source "ChessBase"]
[SourceDate "2017.10.13"]
[SourceVersion "1"]
[SourceVersionDate "2017.10.13"]
[SourceQuality "1"]
[WhiteTeam "Aveiro"]
[BlackTeam "Porto"]
[WhiteTeamCountry "POR"]
[BlackTeamCountry "POR"]

1. e4 e6 2. d4 d5 3. exd5 exd5 4. Bd3 Bd6 5. c3 c6 6. Nf3 Nf6 7. 0-0 0-0 8. Bg5 Bg4 9. h3 Bh5 10. Nbd2 Nbd7 11. Qc2 Qc7 12. Rfe1 Rfe8 13. b3 Bg6 14. Bxg6 1/2-1/2

[Event "Madeira AEJ op 11th"]
[Site "Sao Joao da Madeira"]
[Date "2014.10.11"]
[Round "5"]
[White "Balu, Henish"]
[Black "Oliveira, Manuel Jorge Pinho"]
[Result "1-0"]
[WhiteElo "1760"]
[BlackElo "1606"]
[PlyCount "31"]
[EventDate "2014.10.04"]
[EventType "swiss"]
[EventRounds "7"]
[EventCountry "POR"]
[SourceTitle "EXT 2018"]
[Source "ChessBase"]
[SourceDate "2017.10.13"]
[SourceVersion "1"]
[SourceVersionDate "2017.10.13"]
[SourceQuality "1"]

1. e4 c5 2. Nf3 e6 3. d3 Nf6 4. g3 Nc6 5. Bg2 Be7 6. 0-0 h5 7. Bf4 Ng4 8. h3 e5 9. Bd2 Nf6 10. Nc3 Nd4 11. Nxe5 Qc7 12. Bf4 Bd6 13. Ng6 fxg6 14. e5 Bxe5 15. Bxe5 Qxe5 16. Re1 1-0

[Event "POR-ch U18"]
[Site "Luso"]
[Date "2014.07.26"]
[Round "5"]
[White "Oliveira, Maria Ines"]
[Black "Balu, Henish"]
[Result "1/2-1/2"]
[WhiteElo "1967"]
[BlackElo "1755"]
[PlyCount "144"]
[EventDate "2014.07.23"]
[EventType "swiss"]
[EventRounds "7"]
[EventCountry "POR"]
[SourceTitle "EXT 2015"]
[Source "ChessBase"]
[SourceDate "2014.11.20"]
[SourceVersion "1"]
[SourceVersionDate "2014.11.20"]
[SourceQuality "1"]

1. e4 e6 2. d4 d5 3. e5 c5 4. Nf3 Nc6 5. Bd3 cxd4 6. 0-0 Nge7 7. Bf4 Ng6 8. Bg3 Qb6 9. Nbd2 Qxb2 10. Nb3 a6 11. Re1 Bb4 12. Re2 Qa3 13. h4 Nge7 14. Bf4 Bc3 15. Rb1 b5 16. h5 h6 17. g3 Bd7 18. Kg2 Rc8 19. Re1 Bxe1 20. Bc1 Qxa2 21. Ra1 Qxa1 22. Nxa1 Bc3 23. Nb3 Nb4 24. Nfxd4 Nxd3 25. Qxd3 0-0 26. g4 Bxd4 27. Nxd4 Nc6 28. Nxc6 Rxc6 29. g5 hxg5 30. Bxg5 Rc4 31. Qg3 Kh7 32. h6 g6 33. Qf3 Be8 34. c3 a5 35. Kh2 b4 36. cxb4 axb4 37. Qb3 Bb5 38. Qf3 Be8 39. Qb3 Re4 40. Qg3 Rg8 41. Be7 Rc4 42. Bg5 Rc3 43. Qf4 b3 44. Qb4 Rc2 45. Qxb3 Rxf2+ 46. Kg1 Rf5 47. Qg3 d4 48. Bf6 Bb5 49. Qb3 Be8 50. Qd3 Rf4 51. Qg3 Re4 52. Qd3 Rf4 53. Qg3 Re4 54. Qd3 Bc6 55. Qa6 Rg4+ 56. Kf2 Be8 57. Qd3 Rf4+ 58. Kg1 Rf5 59. Qxd4 Kxh6 60. Qd8 g5 61. Qe7 Kg6 62. Qd8 Kh7 63. Qe7 Kh6 64. Qd8 Kh5 65. Qe7 g4 66. Qd8 Kg6 67. Qe7 Kh5 68. Qd8 Rf4 69. Qd2 Rf5 70. Qd8 Kg6 71. Qe7 Rh5 72. Qd8 Rf5 1/2-1/2

[Event "POR-ch U18"]
[Site "Luso"]
[Date "2014.07.25"]
[Round "4"]
[White "Balu, Henish"]
[Black "Castro, Joao Pedro Bastos"]
[Result "1-0"]
[WhiteElo "1755"]
[BlackElo "1378"]
[PlyCount "85"]
[EventDate "2014.07.23"]
[EventType "swiss"]
[EventRounds "7"]
[EventCountry "POR"]
[SourceTitle "EXT 2015"]
[Source "ChessBase"]
[SourceDate "2014.11.20"]
[SourceVersion "1"]
[SourceVersionDate "2014.11.20"]
[SourceQuality "1"]

1. e4 e5 2. Nf3 Nc6 3. Bb5 a6 4. Ba4 Nf6 5. d3 b5 6. Bb3 Be7 7. c3 d6 8. h3 0-0 9. 0-0 Na5 10. Bc2 c5 11. d4 exd4 12. cxd4 Bb7 13. Re1 Nc6 14. Nc3 h6 15. Bb1 cxd4 16. Nxd4 Qb6 17. Nf5 Rfe8 18. Be3 Qc7 19. f4 Na5 20. Qf3 Nc4 21. Bd4 Nxb2 22. Qg3 Nh5 23. Qg4 g6 24. Nxh6+ Kf8 25. f5 Bc8 26. Nd5 Qa5 27. Bc3 b4 28. Bxb4 Qb5 29. Bc3 Qc5+ 30. Kh2 Na4 31. Bh8 Nb6 32. Nxf7 Nxd5 33. Qxg6 Ndf6 34. Nh6 Qe5+ 35. Kg1 Qd4+ 36. Kh1 Qc4 37. a4 Rb8 38. Ba2 Rb3 39. Rab1 Ng3+ 40. Kh2 Nf1+ 41. Rxf1 Rxh3+ 42. Kxh3 Qc3+ 43. g3 1-0

[Event "Coimbra op"]
[Site "Coimbra"]
[Date "2014.04.27"]
[Round "7"]
[White "Balu, Henish"]
[Black "Fernandes, Joao Pedro Murtinho"]
[Result "1-0"]
[WhiteElo "1751"]
[BlackElo "1540"]
[PlyCount "45"]
[EventDate "2014.04.25"]
[EventType "swiss"]
[EventRounds "7"]
[EventCountry "POR"]
[SourceTitle "CBM 160 Extra"]
[Source "ChessBase"]
[SourceDate "2014.07.01"]
[SourceVersion "1"]
[SourceVersionDate "2014.07.01"]
[SourceQuality "1"]

1. c4 e5 2. Nc3 Nc6 3. g3 Bc5 4. Bg2 Nge7 5. Nf3 d6 6. 0-0 a6 7. a3 Ba7 8. b4 0-0 9. e3 Be6 10. d3 a5 11. Rb1 axb4 12. axb4 Qc8 13. Qc2 h6 14. Bd2 f5 15. Na4 Nb8 16. Ra1 Nd7 17. Ra3 Nb6 18. Rfa1 Nxa4 19. Rxa4 Qb8 20. Qa2 Nc6 21. b5 Ne7 22. Rxa7 Rxa7 23. Qxa7 1-0

[Event "Porto Axis op"]
[Site "Porto"]
[Date "2014.03.17"]
[Round "7"]
[White "Dias, Ivo Rodrigues"]
[Black "Balu, Henish"]
[Result "1/2-1/2"]
[WhiteElo "1999"]
[BlackElo "1726"]
[PlyCount "41"]
[EventDate "2014.03.11"]
[EventType "swiss"]
[EventRounds "7"]
[EventCountry "POR"]
[SourceTitle "EXT 2015"]
[Source "ChessBase"]
[SourceDate "2014.11.20"]
[SourceVersion "1"]
[SourceVersionDate "2014.11.20"]
[SourceQuality "1"]

1. d4 e6 2. Nf3 Nf6 3. g3 d5 4. Bg2 Be7 5. 0-0 0-0 6. c4 c6 7. Nc3 Nbd7 8. Nd2 b6 9. e4 dxc4 10. Nxc4 Ba6 11. b3 Bxc4 12. bxc4 e5 13. d5 cxd5 14. cxd5 Nc5 15. Bb2 Bd6 16. f4 Re8 17. Nb5 Nfxe4 18. Nxd6 Qxd6 19. fxe5 Rxe5 20. Bxe5 Qxe5 21. Bxe4 1/2-1/2

[Event "Porto Axis op"]
[Site "Porto"]
[Date "2014.03.16"]
[Round "6"]
[White "Balu, Henish"]
[Black "Ferreira, Paulo"]
[Result "0-1"]
[WhiteElo "1726"]
[BlackElo "2078"]
[PlyCount "50"]
[EventDate "2014.03.11"]
[EventType "swiss"]
[EventRounds "7"]
[EventCountry "POR"]
[SourceTitle "EXT 2015"]
[Source "ChessBase"]
[SourceDate "2014.11.20"]
[SourceVersion "1"]
[SourceVersionDate "2014.11.20"]
[SourceQuality "1"]

1. e4 c5 2. Nf3 d6 3. d4 cxd4 4. Nxd4 Nf6 5. Nc3 a6 6. Be3 e6 7. Be2 Be7 8. 0-0 0-0 9. Nb3 Nc6 10. f4 Qc7 11. Bf3 e5 12. f5 b5 13. a3 Bb7 14. g4 b4 15. axb4 Nxb4 16. Na5 d5 17. Nxb7 d4 18. Bxd4 exd4 19. Qxd4 Rad8 20. Nd5 Nbxd5 21. exd5 Qxb7 22. d6 Qc8 23. Qa7 Bxd6 24. Qxa6 Qxc2 25. Rab1 Qxh2# 0-1

[Event "Porto Axis op"]
[Site "Porto"]
[Date "2014.03.11"]
[Round "1"]
[White "Balu, Henish"]
[Black "Ferreira, Jorge Viterbo"]
[Result "0-1"]
[WhiteElo "1726"]
[BlackElo "2376"]
[PlyCount "68"]
[EventDate "2014.03.11"]
[EventType "swiss"]
[EventRounds "7"]
[EventCountry "POR"]
[SourceTitle "EXT 2015"]
[Source "ChessBase"]
[SourceDate "2014.11.20"]
[SourceVersion "1"]
[SourceVersionDate "2014.11.20"]
[SourceQuality "1"]

1. e4 e5 2. Nf3 Nc6 3. Bc4 Bc5 4. c3 Nf6 5. d3 a6 6. 0-0 Ba7 7. a4 d6 8. Nbd2 0-0 9. h3 Be6 10. Bxe6 fxe6 11. Qb3 Qd7 12. Nc4 Ne7 13. Re1 b5 14. Ne3 Ng6 15. Nf1 Nh5 16. Be3 Nhf4 17. Bxa7 Rxa7 18. Re3 Raa8 19. d4 exd4 20. cxd4 c5 21. a5 c4 22. Qb4 Nd3 23. Qc3 Ngf4 24. b4 Qf7 25. Ng3 Qg6 26. Rf1 Ra7 27. Nh4 Qh6 28. Nf3 Raf7 29. d5 Nxh3+ 30. gxh3 Rxf3 31. Rxf3 Rxf3 32. Qd4 Qxh3 33. Qb6 Rf8 34. Qxd6 Nf4 0-1

[Event "Famalicao op 1st"]
[Site "Famalicao"]
[Date "2013.08.28"]
[Round "6.14"]
[White "Freitas, Ruben Manuel"]
[Black "Balu, Henish"]
[Result "1/2-1/2"]
[WhiteElo "1506"]
[BlackElo "1691"]
[PlyCount "70"]
[EventDate "2013.08.26"]
[EventType "swiss"]
[EventRounds "9"]
[EventCountry "POR"]
[SourceTitle "EXT 2015"]
[Source "ChessBase"]
[SourceDate "2014.11.20"]
[SourceVersion "1"]
[SourceVersionDate "2014.11.20"]
[SourceQuality "1"]

1. e4 e6 2. d4 d5 3. Nc3 Bb4 4. e5 c5 5. Bd2 Ne7 6. Nb5 Bxd2+ 7. Qxd2 0-0 8. f4 cxd4 9. Nxd4 Nd7 10. Ngf3 Qb6 11. c3 Nc5 12. Rb1 Bd7 13. Bd3 Nxd3+ 14. Qxd3 a6 15. Qc2 Ng6 16. g3 Rac8 17. Qb3 Qa7 18. 0-0 Rc4 19. Qa3 Ra4 20. Qb3 Rc4 21. Kg2 Rfc8 22. Rbc1 b5 23. Qc2 b4 24. Qd2 bxc3 25. Rxc3 Rxc3 26. bxc3 Qc5 27. Rb1 Qxc3 28. Qxc3 Rxc3 29. Rb8+ Rc8 30. Rxc8+ Bxc8 31. Nc6 Kf8 32. Kf2 Ne7 33. Nfd4 Nxc6 34. Nxc6 Bb7 35. Nd4 Bc8 1/2-1/2

[Event "Famalicao op 1st"]
[Site "Famalicao"]
[Date "2013.08.27"]
[Round "4.12"]
[White "Balu, Henish"]
[Black "Oliveira, Maria Alice Ramos"]
[Result "0-1"]
[WhiteElo "1691"]
[BlackElo "1433"]
[PlyCount "72"]
[EventDate "2013.08.26"]
[EventType "swiss"]
[EventRounds "9"]
[EventCountry "POR"]
[SourceTitle "EXT 2015"]
[Source "ChessBase"]
[SourceDate "2014.11.20"]
[SourceVersion "1"]
[SourceVersionDate "2014.11.20"]
[SourceQuality "1"]

1. e4 e5 2. Nf3 Nc6 3. Bc4 Bc5 4. c3 Nf6 5. d4 exd4 6. e5 d5 7. Bb5 Ne4 8. cxd4 Bb6 9. Nc3 Bf5 10. Be3 0-0 11. 0-0 Nxc3 12. bxc3 f6 13. Bxc6 bxc6 14. Qa4 Bd3 15. Rfe1 Bb5 16. Qc2 a5 17. a4 Bc4 18. exf6 Qxf6 19. Ne5 Ba6 20. Qd1 Bc8 21. Qh5 Qd6 22. Nd3 Bf5 23. Qe2 Bxd3 24. Qxd3 c5 25. Rad1 cxd4 26. Bxd4 Bxd4 27. Qxd4 c6 28. c4 Rad8 29. Re5 c5 30. Qxd5+ Qxd5 31. Rexd5 Rxd5 32. Rxd5 Rb8 33. Kf1 Rb4 34. Rxc5 Rxa4 35. Ke2 Ra2+ 36. Kf3 a4 0-1

[Event "Gaia Profigaia op 6th"]
[Site "Vila Nova de Gaia"]
[Date "2013.07.11"]
[Round "8.19"]
[White "Balu, Henish"]
[Black "Bastos, Carlos Alberto da C"]
[Result "1-0"]
[WhiteElo "1676"]
[BlackElo "1458"]
[PlyCount "79"]
[EventDate "2013.07.06"]
[EventType "swiss"]
[EventRounds "9"]
[EventCountry "POR"]
[SourceTitle "EXT 2015"]
[Source "ChessBase"]
[SourceDate "2014.11.20"]
[SourceVersion "1"]
[SourceVersionDate "2014.11.20"]
[SourceQuality "1"]

1. e4 e6 2. d3 c5 3. Nd2 d5 4. Ngf3 Nc6 5. g3 Bd6 6. Bg2 d4 7. 0-0 e5 8. Nc4 h6 9. Ne1 Bc7 10. f4 b5 11. Nxe5 Nxe5 12. fxe5 Bxe5 13. Qh5 Qe7 14. Nf3 Bc7 15. Nh4 Nf6 16. Qe2 Bg4 17. Qd2 Rb8 18. h3 Be6 19. Nf5 Bxf5 20. Rxf5 0-0 21. g4 g5 22. Qf2 Be5 23. Bd2 b4 24. Rf1 Rb6 25. Qf3 Kg7 26. h4 Nd7 27. hxg5 hxg5 28. Rxg5+ Rg6 29. Rh5 Rh8 30. Rxh8 Kxh8 31. Qxf7 Qxf7 32. Rxf7 Rg7 33. Rxg7 Kxg7 34. Kf2 Bf6 35. Kf3 Kg6 36. Bh3 Bg5 37. Bf4 Bxf4 38. Kxf4 Kf6 39. g5+ Kg6 40. Bxd7 1-0

[Event "POR-ch prel"]
[Site "Matosinhos"]
[Date "2012.08.08"]
[Round "5.21"]
[White "Balu, Henish"]
[Black "Oliveira, Maria Alice Ramos"]
[Result "1-0"]
[WhiteElo "1676"]
[BlackElo "1410"]
[PlyCount "119"]
[EventDate "2012.08.04"]
[EventType "swiss"]
[EventRounds "9"]
[EventCountry "POR"]
[SourceTitle "EXT 2015"]
[Source "ChessBase"]
[SourceDate "2014.11.20"]
[SourceVersion "1"]
[SourceVersionDate "2014.11.20"]
[SourceQuality "1"]

1. e4 e5 2. Nf3 Nc6 3. d4 exd4 4. Bc4 Nf6 5. e5 d5 6. Bb5 Ne4 7. Nxd4 Bd7 8. Bxc6 bxc6 9. 0-0 Bc5 10. f3 Ng5 11. Be3 0-0 12. Nd2 Ne6 13. N2b3 Bb6 14. f4 Nxd4 15. Bxd4 Bxd4+ 16. Qxd4 Bf5 17. Qc5 Qd7 18. Nd4 Be4 19. Nxc6 Qg4 20. Rf2 f6 21. Ne7+ Kh8 22. exf6 Rxf6 23. Nxd5 Rg6 24. Ne3 Qh4 25. Qe5 Bc6 26. Nf5 Qh3 27. Ng3 Qh4 28. Qh5 Qf6 29. c3 Rh6 30. Qg5 Qd6 31. Nf5 Rg6 32. Nxd6 Rxg5 33. Nf7+ Kg8 34. Nxg5 Rd8 35. Re1 h6 36. Ne6 Re8 37. Rfe2 Bd7 38. Nxc7 Rxe2 39. Rxe2 Bc6 40. c4 g5 41. fxg5 hxg5 42. b4 a5 43. b5 Bb7 44. Kf2 g4 45. Kg3 a4 46. a3 Kf8 47. Kf4 g3 48. hxg3 Kf7 49. c5 Bc8 50. c6 Kf6 51. b6 Bf5 52. Nd5+ Kg6 53. Ne7+ Kf6 54. Nxf5 Kf7 55. c7 Kg6 56. Nh4+ Kh7 57. Re6 Kg7 58. c8Q Kf7 59. Qd7+ Kf8 60. Re8# 1-0